| 000 | 00345nam a2200109Ia 4500 | ||
|---|---|---|---|
| 008 | 160531s9999 xx 000 0 und d | ||
| 100 | _aTeschendorff, Andrew E. | ||
| 245 | _aComputational And Statistical Epigenomics | ||
| 245 | _cBy:Andrew E. Teschendorff | ||
| 260 | _c2015 | ||
| 856 | _uhttp://file.ebook777.com/016/9401799261_Computational.pdf | ||
| 999 |
_c295350 _d295350 |
||